Giáo trình địa lí kinh tế - xã hội Việt Nam; T1 Phần đại cương

Sách cập nhật các tư liệu, số liệu trong việc trình bày khái quát và trực quan các đặc điểm phát triển và phân bố các ngành kinh tế bằng kênh hình (Bản đồ, biểu đồ) về địa lý kinh tế - xã hội Việt Nam....

Full description

Saved in:
Bibliographic Details
Main Author: Nguyễn Viết Thịnh
Format: Book
Language:Undetermined
Published: Hà Nội Giáo dục 2000
Subjects:
Tags: Add Tag
No Tags, Be the first to tag this record!
Institutions: Trung tâm Học liệu Trường Đại học Cần Thơ
LEADER 00934nam a2200193Ia 4500
001 CTU_37299
008 210402s9999 xx 000 0 und d
082 |a 330.9 
082 |b Th312/T1 
100 |a Nguyễn Viết Thịnh 
245 0 |a Giáo trình địa lí kinh tế - xã hội Việt Nam; T1 
245 0 |b Phần đại cương 
245 0 |c Nguyễn Viết Thịnh, Đỗ Thị Minh Đức 
260 |a Hà Nội 
260 |b Giáo dục 
260 |c 2000 
520 |a Sách cập nhật các tư liệu, số liệu trong việc trình bày khái quát và trực quan các đặc điểm phát triển và phân bố các ngành kinh tế bằng kênh hình (Bản đồ, biểu đồ) về địa lý kinh tế - xã hội Việt Nam. 
650 |a economic geography 
980 |a Trung tâm Học liệu Trường Đại học Cần Thơ